| 000 | 00749nam a2200265Ia 4500 | ||
|---|---|---|---|
| 001 | Para_4584 | ||
| 003 | CHAP | ||
| 008 | 220125s1931 xx 000 0 und d | ||
| 010 | _a203065 | ||
| 040 | _cCHAP | ||
| 090 | _aPA FOLLETO 1922 | ||
| 100 |
_aThomas, C. A. _9112813 |
||
| 245 |
_aMushroom insects : _b Biology and control / _c C. A. Thomas |
||
| 260 |
_aUniversity Park, Thomas : _b Agriculture Experiment Station |
||
| 300 | _a42 p. | ||
| 440 |
_aPennsylvania. Agri. Exp. Sta. Bull.; 270 _9168655 |
||
| 650 |
_aSetas _x Plagas _9105379 |
||
| 901 | _aPA FOLLETO 1922 | ||
| 902 | _aA | ||
| 905 | _a0000001931 UNI 0000000000 00 | ||
| 910 | _a1931 | ||
| 942 | _cPARA | ||
| 942 |
_cPARA _d1 |
||
| 999 |
_c203065 _d203065 |
||